College Football Matchups: Boise State - Statistics

General Stats
  • This quiz has been taken 27 times
  • The average score is 12 of 16
Answer Stats
Games Opponent Subdivision % Correct
47 Nevada Group of 5
96%
30 Utah State Group of 5
96%
27 Fresno State Group of 5
92%
40 Idaho FCS
92%
31 Idaho State FCS
92%
16 UNLV Group of 5
92%
25 Montana FCS
88%
17 San Jose State Group of 5
88%
26 Montana State FCS
83%
19 Wyoming Group of 5
83%
15 New Mexico Group of 5
71%
19 Hawaii Group of 5
67%
20 Eastern Washington FCS
63%
25 Northern Arizona FCS
54%
30 Weber State FCS
54%
16 Cal Poly FCS
29%
No matching quizzes found
Score Distribution
Percent of People with Each Score
Percentile by Number Answered
Your Score History
You have not taken this quiz